000 00717nam a2200229 a 4500
001 BRCA_3817
005 20190320204433.0
008 291109s1867----gw-#######---#000-0#ger-#
041 _ager
044 _agw
050 4 _aF1233.M3
_b.K47 2
_c1867
100 1 _aKératry, Emil Grafen
_d1832-1904
_99944
245 1 0 _aKaiser Maximilians
_bErhebung und Fall
_cvon Emil Grafen Kératry.
260 _aLeipzig, Alemania
_bDuncker und Humblot
_c1867
300 _avi, 261 p.
_c19 cm.
500 _aEjemplar igual B172 y C126
500 _aB172a
600 1 4 _aMaximiliano
_cEmperador de México
_d1832-1867
_94582
651 4 _aMéxico
_xHistoria
_yIntervención francesa, 1861-1867
_99945
902 _aGFM
942 _2lcc
_cB
999 _c3546
_d3546